| 000 | 01122cam a2200337 i 4500 | ||
|---|---|---|---|
| 999 |
_c200452738 _d70950 |
||
| 001 | 200452738 | ||
| 003 | TR-AnTOB | ||
| 005 | 20230330083611.0 | ||
| 007 | ta | ||
| 008 | 971111s1977 tu d b 00000 tur d | ||
| 035 | _a(OCoLC)56073608 | ||
| 035 | _a(TR-AnTOB)200452738 | ||
| 040 |
_aCSB _beng _erda _cCSB _dOCLCQ _dSULEY _dTR-AnTOB |
||
| 041 | 0 | _atur | |
| 050 | 0 | 4 |
_aHC492 _b.S2453 1977 |
| 090 |
_aHC492 _b.S2453 1977 |
||
| 100 | 1 |
_aSağlam, Dündar _eauthor _9132834 |
|
| 245 | 1 | 0 |
_aTürkiye ekonomisi : _byapısı ve temel sorunları / _cProf. Dr. Dündar Sağlam. |
| 250 | _a2. baskı. | ||
| 264 | 1 |
_aAnkara : _bAnkara İktisadi ve Ticari İlimler Akademisi, _c1977. |
|
| 300 |
_axvi, 342 pages : _btables ; _c24 cm |
||
| 336 |
_atext _btxt _2rdacontent |
||
| 337 |
_aunmediated _bn _2rdamedia |
||
| 338 |
_avolume _bnc _2rdacarrier |
||
| 490 | 0 |
_aAnkara İktisadi ve Ticari İlimler Akademisi Yayını ; _v15 |
|
| 504 | _aBIB | ||
| 651 | 7 |
_aTürkiye _xEkonomik durum _y1960- _2etuturkob _965270 |
|
| 710 | 2 |
_aAnkara İktisadi ve Ticari İlimler Akademisi _927681 |
|
| 942 |
_2lcc _cBK |
||